| 000 | 00632nam a2200181 4500 | ||
|---|---|---|---|
| 001 | 118211 | ||
| 003 | ES-MaACL | ||
| 005 | 20230906191043.0 | ||
| 007 | t| | ||
| 008 | 070214s1902 fr r ||||1| fre d | ||
| 100 | 1 |
_aPelloutier, Fernand. _990109 |
|
| 245 | 1 | 0 |
_aHistoire des bourses du travail _b: origine, institutions, avenir / _couvrage posthume de Fernand Pelloutier ; préface par Georges Sorel ; notice biographique par Victor Dave. |
| 260 |
_aPoitiers : _b[s.n.], _c1902 ( _fImp. Blais) |
||
| 300 |
_a232 p. ; _c18 cm. |
||
| 700 | 1 |
_aSorel, Georges. _9107335 |
|
| 700 | 1 |
_aDave, Victor. _942857 |
|
| 852 |
_aES-MaACL _jD-859 |
||
| 999 |
_c118211 _d118211 |
||